[Event "ROM-ch U12"]
[Site "Calimanesti Caciulata"]
[Date "2019.04.22"]
[Round "9"]
[White "State Ungureanu, Nicolae Vlad"]
[Black "Visanescu, Dragos Nicholas"]
[Result "0-1"]
[WhiteElo "1300"]
[BlackElo "1530"]
[PlyCount "120"]
[EventDate "2019.04.15"]
[EventType "swiss"]
[EventRounds "9"]
[EventCountry "ROU"]
[SourceTitle "CBM 190 Extra"]
[Source "ChessBase"]
[SourceDate "2019.07.15"]
[SourceVersion "1"]
[SourceVersionDate "2019.07.15"]
[SourceQuality "1"]

1. d4 d5 2. c4 e6 3. Nc3 Nf6 4. cxd5 exd5 5. Bg5 Be7 6. e3 0-0 7. Bd3 h6 8. Bh4 Be6 9. Nge2 Nbd7 10. 0-0 c5 11. Qd2 a6 12. f3 Rc8 13. Bf2 b5 14. dxc5 Nxc5 15. Bc2 Qc7 16. Rac1 Rfd8 17. Bg3 Qb7 18. Nd4 Ne8 19. a3 Nd6 20. Bxd6 Bxd6 21. b4 Nd7 22. Qd3 Nf6 23. Bb1 Bd7 24. Rfd1 Rc7 25. Nb3 Be6 26. Na5 Qb8 27. Ba2 Bxh2+ 28. Kh1 Be5 29. Nb3 d4 30. Nxd4 Bxa2 31. Nxa2 Rcd7 32. Qf5 Bxd4 33. Rxd4 Rxd4 34. exd4 Qd6 35. Qc5 Qxc5 36. dxc5 Kf8 37. Kg1 Ke7 38. Kf1 Kd7 39. Rd1+ Kc7 40. Rxd8 Kxd8 41. Nc3 Kc7 42. Ke2 Kc6 43. Ke3 Nd5+ 44. Nxd5 Kxd5 45. Kf4 g6 46. g4 f6 47. Ke3 Kc6 48. Ke4 a5 49. Kd4 axb4 50. axb4 Kc7 51. Kd5 Kd7 52. c6+ Kc7 53. Kc5 h5 54. gxh5 gxh5 55. Kxb5 h4 56. Ka6 h3 57. b5 h2 58. b6+ Kxc6 59. b7 h1Q 60. b8Q Qa1# 0-1

[Event "ROM-ch U12"]
[Site "Calimanesti Caciulata"]
[Date "2019.04.20"]
[Round "7"]
[White "Mocan, Radu Adrian"]
[Black "State Ungureanu, Nicolae Vlad"]
[Result "1-0"]
[WhiteElo "1491"]
[BlackElo "1300"]
[PlyCount "83"]
[EventDate "2019.04.15"]
[EventType "swiss"]
[EventRounds "9"]
[EventCountry "ROU"]
[SourceTitle "CBM 190 Extra"]
[Source "ChessBase"]
[SourceDate "2019.07.15"]
[SourceVersion "1"]
[SourceVersionDate "2019.07.15"]
[SourceQuality "1"]

1. d4 d5 2. c4 e6 3. Nc3 Nf6 4. Bg5 Nbd7 5. Nf3 Be7 6. e3 0-0 7. Bd3 h6 8. Bh4 b6 9. cxd5 exd5 10. Qc2 Bb7 11. 0-0 Rc8 12. Bf5 c5 13. Ne5 cxd4 14. exd4 Rc7 15. Bg3 Nxe5 16. Bxe5 Bd6 17. Qd2 Bxe5 18. dxe5 Nd7 19. e6 Nf6 20. exf7+ Kxf7 21. Rfe1 Kg8 22. Rad1 Kh8 23. Nb5 Rc5 24. Nd4 Ne4 25. Bxe4 dxe4 26. Ne6 Qxd2 27. Rxd2 Rff5 28. Nxc5 Rxc5 29. h3 Rc7 30. Red1 e3 31. fxe3 Rc5 32. Rd7 Be4 33. Rxa7 Rc2 34. g4 Rxb2 35. Rdd7 Re2 36. Rxg7 Rxe3 37. Rge7 Rg3+ 38. Kf2 Rg2+ 39. Kf1 Bc6 40. Rec7 Rxa2 41. Rc8+ Be8 42. Rxe8# 1-0

[Event "ROM-ch U10"]
[Site "Calimanesti"]
[Date "2018.04.02"]
[Round "8"]
[White "Bilcu, Marco Octavian"]
[Black "State Ungureanu, Nicolae Vlad"]
[Result "1/2-1/2"]
[WhiteElo "1303"]
[BlackElo "1082"]
[PlyCount "33"]
[EventDate "2018.03.27"]
[EventType "swiss"]
[EventRounds "9"]
[EventCountry "ROU"]
[SourceTitle "CBM 183 Extra"]
[Source "ChessBase"]
[SourceDate "2018.04.19"]
[SourceVersion "1"]
[SourceVersionDate "2018.04.19"]
[SourceQuality "1"]

1. e4 c5 2. b4 e6 3. bxc5 Bxc5 4. d4 Bb4+ 5. Bd2 Bxd2+ 6. Nxd2 Nf6 7. Ngf3 a6 8. Bd3 d6 9. 0-0 Nc6 10. Re1 Nb4 11. Bc4 b5 12. Bb3 Bb7 13. a3 Nc6 14. d5 Na5 15. dxe6 fxe6 16. Bxe6 Qe7 17. Bd5 1/2-1/2

[Event "ROM-ch U10"]
[Site "Calimanesti"]
[Date "2018.03.31"]
[Round "6"]
[White "State Ungureanu, Nicolae Vlad"]
[Black "Frincu, Marius Sebastian"]
[Result "0-1"]
[WhiteElo "1082"]
[BlackElo "1295"]
[PlyCount "32"]
[EventDate "2018.03.27"]
[EventType "swiss"]
[EventRounds "9"]
[EventCountry "ROU"]
[SourceTitle "CBM 183 Extra"]
[Source "ChessBase"]
[SourceDate "2018.04.19"]
[SourceVersion "1"]
[SourceVersionDate "2018.04.19"]
[SourceQuality "1"]

1. d4 d5 2. c4 e6 3. Nc3 Nf6 4. cxd5 exd5 5. Bg5 Nbd7 6. a3 c6 7. e3 a5 8. Bd3 Be7 9. Nge2 Nf8 10. f3 g6 11. 0-0 Ne6 12. Bh4 Nh5 13. Bf2 0-0 14. a4 Nhg7 15. Qc2 h5 16. h3 Ng5 0-1

[Event "ROM-ch U10"]
[Site "Calimanesti"]
[Date "2018.03.30"]
[Round "5"]
[White "Prelipcean, Eric Matei"]
[Black "State Ungureanu, Nicolae Vlad"]
[Result "1/2-1/2"]
[WhiteElo "1527"]
[BlackElo "1082"]
[PlyCount "91"]
[EventDate "2018.03.27"]
[EventType "swiss"]
[EventRounds "9"]
[EventCountry "ROU"]
[SourceTitle "CBM 183 Extra"]
[Source "ChessBase"]
[SourceDate "2018.04.19"]
[SourceVersion "1"]
[SourceVersionDate "2018.04.19"]
[SourceQuality "1"]

1. e4 c5 2. Nf3 d6 3. d4 cxd4 4. Qxd4 Nc6 5. Bb5 e5 6. Qe3 a6 7. Bc4 Be6 8. Bxe6 fxe6 9. Bd2 Qc7 10. Nc3 h6 11. 0-0-0 Nf6 12. Nh4 Qf7 13. Qb6 g5 14. Ng6 Rg8 15. Nxf8 Kxf8 16. g3 Nh5 17. h4 Nf6 18. hxg5 hxg5 19. f4 gxf4 20. gxf4 exf4 21. Bxf4 e5 22. Bh6+ Ke8 23. Rxd6 Rd8 24. Rxd8+ Nxd8 25. Rf1 Rg6 26. Bg5 Nc6 27. Nd5 Nxd5 28. Rxf7 Nxb6 29. Rxb7 Nc4 30. b3 N4a5 31. Rb6 Rxg5 32. Rxa6 Rg4 33. c3 Rg6 34. b4 Nc4 35. a4 Rg1+ 36. Kc2 Rg2+ 37. Kd3 Nb2+ 38. Ke3 Rg3+ 39. Kd2 Nc4+ 40. Kc2 Rg2+ 41. Kd3 Nb2+ 42. Ke3 Nd1+ 43. Kf3 Rf2+ 44. Kg3 Nd8 45. b5 Rc2 46. Ra8 1/2-1/2

[Event "ROM-ch U10"]
[Site "Calimanesti"]
[Date "2018.03.29"]
[Round "3"]
[White "Cotoros, Eduard"]
[Black "State Ungureanu, Nicolae Vlad"]
[Result "1-0"]
[WhiteElo "1410"]
[BlackElo "1082"]
[PlyCount "77"]
[EventDate "2018.03.27"]
[EventType "swiss"]
[EventRounds "9"]
[EventCountry "ROU"]
[SourceTitle "CBM 183 Extra"]
[Source "ChessBase"]
[SourceDate "2018.04.19"]
[SourceVersion "1"]
[SourceVersionDate "2018.04.19"]
[SourceQuality "1"]

1. e4 c5 2. Nc3 d6 3. f4 e6 4. Nf3 a6 5. Be2 b5 6. a3 Nd7 7. d3 Qc7 8. 0-0 Ngf6 9. f5 e5 10. Bg5 h6 11. Bxf6 Nxf6 12. h3 b4 13. Nd5 Nxd5 14. exd5 f6 15. Nh4 Kd8 16. Ng6 Rg8 17. Bh5 c4 18. d4 Bb7 19. Kh1 a5 20. dxe5 dxe5 21. Qe2 Qc5 22. Rad1 Kc7 23. Nxf8 Raxf8 24. d6+ Kd7 25. Bf3 Qb6 26. Qd2 Ra8 27. Bd5 Bxd5 28. Qxd5 Rae8 29. Qf7+ Kd8 30. d7 Ref8 31. Qd5 Qb8 32. Rd2 Qb6 33. Rfd1 Qb8 34. Qc5 Qb7 35. Rd6 Rf7 36. Rb6 Qa7 37. Qc8+ Ke7 38. d8Q+ Rxd8 39. Qxd8# 1-0

[Event "EU-ch U10 27th"]
[Site "Mamaia"]
[Date "2017.09.07"]
[Round "3"]
[White "Shi, William1111"]
[Black "State Ungureanu, Nicolae Vlad"]
[Result "1-0"]
[WhiteElo "1393"]
[BlackElo "1124"]
[PlyCount "120"]
[EventDate "2017.09.05"]
[EventType "swiss"]
[EventRounds "9"]
[EventCountry "ROU"]
[SourceTitle "CBM 180 Extra"]
[Source "ChessBase"]
[SourceDate "2017.10.06"]
[SourceVersion "1"]
[SourceVersionDate "2017.10.06"]
[SourceQuality "1"]

1. e4 e5 2. Nf3 Nc6 3. Bc4 Bc5 4. c3 Nf6 5. d4 exd4 6. cxd4 Bb4+ 7. Bd2 Bxd2+ 8. Nbxd2 d5 9. exd5 Nxd5 10. 0-0 0-0 11. Re1 Bg4 12. h3 Bh5 13. Ne4 Re8 14. Qd3 Ndb4 15. Qb3 Bxf3 16. Bxf7+ Kh8 17. Bxe8 Qxe8 18. gxf3 Nxd4 19. Qxb4 Nxf3+ 20. Kh1 Qh5 21. Kg2 Nxe1+ 22. Rxe1 Qg6+ 23. Ng3 b6 24. Qe7 c5 25. Qb7 Rf8 26. Qxa7 Qc6+ 27. Kg1 Qf3 28. Rf1 Qc6 29. Qe7 Kg8 30. b3 Qg6 31. Qe4 Qh6 32. Qd5+ Kh8 33. Qh5 Qf6 34. Ne4 Qg6+ 35. Qxg6 hxg6 36. Ng3 Rf4 37. f3 Rf8 38. Rd1 Kh7 39. Rd6 Rb8 40. Kg2 Kh6 41. Ne4 Kh7 42. Kg3 Kh6 43. Kg4 Rf8 44. Rxb6 Rf5 45. Rb5 Rf8 46. Rxc5 Rd8 47. b4 Ra8 48. Nc3 Rf8 49. b5 Rb8 50. Rc4 Rf8 51. Rc7 Rf5 52. f4 Rf8 53. b6 Rb8 54. b7 Kh7 55. Ne4 Kh6 56. Nc5 Kh7 57. Nd7 Rd8 58. b8Q Rxb8 59. Nxb8 Kh8 60. Kg5 Kh7 1-0

[Event "ROM-ch U10"]
[Site "Baile Felix"]
[Date "2017.02.03"]
[Round "2"]
[White "State Ungureanu, Nicolae Vlad"]
[Black "Derevenciuc, Dragos Cristian"]
[Result "0-1"]
[WhiteElo "1001"]
[BlackElo "1091"]
[PlyCount "118"]
[EventDate "2017.02.02"]
[EventType "swiss"]
[EventRounds "9"]
[EventCountry "ROU"]
[SourceTitle "CBM 176 Extra"]
[Source "ChessBase"]
[SourceDate "2017.03.02"]
[SourceVersion "1"]
[SourceVersionDate "2017.03.02"]
[SourceQuality "1"]

1. d4 d5 2. c4 e6 3. Nc3 dxc4 4. e3 Bb4 5. Bxc4 Bd7 6. a3 Bxc3+ 7. bxc3 Nf6 8. Bd3 Nc6 9. Nf3 Qe7 10. e4 e5 11. d5 Nb8 12. Bg5 Qd6 13. Bxf6 Qxf6 14. 0-0 0-0 15. Re1 Qg6 16. Qb3 Na6 17. Nxe5 Qd6 18. Nxd7 Qxd7 19. Qb5 Qxb5 20. Bxb5 Rad8 21. Bxa6 bxa6 22. c4 Rfe8 23. c5 a5 24. Rad1 g6 25. f4 a6 26. f5 gxf5 27. exf5 Rxe1+ 28. Rxe1 Rxd5 29. f6 Kf8 30. Rc1 Rf5 31. g4 Rxf6 32. Kg2 Rg6 33. Kg3 h5 34. h3 hxg4 35. hxg4 f5 36. Rc4 fxg4 37. Rxg4 Rxg4+ 38. Kxg4 Ke7 39. Kf4 Kd7 40. Ke4 Kc6 41. Kd4 Kb5 42. Kd5 c6+ 43. Kd6 a4 44. Ke5 Kxc5 45. Ke4 Kc4 46. Ke3 Kb3 47. Kd3 c5 48. Kd2 c4 49. Kc1 Kc3 50. Kb1 Kd2 51. Kb2 c3+ 52. Kb1 c2+ 53. Kb2 c1Q+ 54. Ka2 Qh1 55. Kb2 Qc1+ 56. Ka2 Qc8 57. Kb2 Qb8+ 58. Ka2 Kc2 59. Ka1 Qb2# 0-1